|
|
|
|
| LEADER |
00000ny a22000003n 4500 |
| 005 |
20110621144128.0 |
| 008 |
071228s2007 it 000 0 ita d |
| 020 |
|
|
|a 9788884225894
|
| 035 |
|
|
|a 4674
|
| 040 |
|
|
|a NoBUC-UCAR
|d vLex
|
| 080 |
|
|
|a 211.5(450)
|
| 090 |
|
|
|c 970
|d 970
|
| 100 |
1 |
|
|a Stefani, Paolo
|
| 245 |
1 |
3 |
|a La laicit ̉nell'esperienza giuridica dello Stato
|h [Recurso electrn̤ico]
|c Paolo Stefani
|
| 256 |
|
|
|a Servicio en ln̕ea
|
| 260 |
|
|
|a Bari :
|b Cacucci,
|c 2007
|
| 300 |
|
|
|a 175 p. ;
|c 22 cm
|
| 490 |
1 |
|
|a Societ,̉ diritti, religioni ;
|v 5.
|
| 504 |
|
|
|a Bibliografa̕ (p. 159-175)
|
| 506 |
1 |
|
|a Contenido solo disponible en los productos indicados
|d vLex Global
|d vLex Global (Academic Edition, excluding Law Schools)
|d vLex Global (U.S. Academic Edition, Law Schools)
|d vLex Global (U.S. Academic Edition, excluding Law Schools)
|d vLex Global (Academic Edition, Law Schools)
|
| 650 |
0 |
4 |
|a Laicismo
|z Italia
|
| 740 |
0 |
|
|a vLex Libros (Servicios en ln̕ea)
|
| 830 |
|
0 |
|a Societa, diritti, religioni ;
|v 5
|
| 856 |
4 |
0 |
|u http://vlex.com/source/4674
|z Acceso restringido
|
| 942 |
|
|
|c BOOK
|
| 999 |
0 |
4 |
|a Laicismo
|z Italia.
|